00624cam a22002051 4500008004100000020002100041100002300062245008800085250001300173260005100186300002900237500002000266504004100286650001300327700002300340700002800363003000100391005001700392040000900409  a246950411 (hbk.)1 aJohnson, Willis H.10aGeneral biology /cWillis H. Johnson, Richard A. Laubengayer and Louis E. DeLanney. aRev. ed. aNew York :bHolt, Rinehart and Winston,c1961. a655 p. :bill. ;c26 cm. aIncludes index. aIncludes bibliographical references. 0aBiology. aDeLanney, Louis E. aLaubengayer, Richard A.20230123125403.0 cNUST